| 000 | 00942nam a2200289Ia 4500 | ||
|---|---|---|---|
| 003 | OSt | ||
| 005 | 20221007125759.0 | ||
| 006 | a|||||r|||| 00| 0 | ||
| 007 | ta | ||
| 008 | 221006b |||||||| |||| 00| 0 eng d | ||
| 020 | _a0849333482 (hbd) | ||
| 037 |
_b1877, 28/03/2007, Unilib Book Distributors _cTextbook |
||
| 040 |
_aDGL _cDGL _beng |
||
| 041 |
_2eng _aeng |
||
| 082 | _aH422, P7 Carg | ||
| 100 |
_aKresic Neven _9722443 |
||
| 245 | 0 | _aHydrogeology and groundwater modeling | |
| 250 | _a2 | ||
| 260 |
_aBoca Raton _bCRC Press _c2007 |
||
| 300 |
_a807p. _ccm. |
||
| 500 | _aIncludes bibliographical references; Appendix A-D 745-789p; Index 791-807p | ||
| 650 |
_a Groundwater flow _9722444 |
||
| 650 |
_a Hydrogeology-mathematical models _9722445 |
||
| 650 | _aGeology | ||
| 942 |
_hH422, P7 Carg _cTB _2CC |
||
| 999 |
_c1215810 _d1215810 |
||